Science Quiz

Random Science or Grab Bag Quiz

The Sporcle Zoo IV Quiz Stats

Quiz Updated Dec 27, 2017

Challenge
Share
Tweet
Score 0/25 Timer 07:00
54 Plays Today
% Correct
Snowy owl
92.1%
Narwhal
89%
Guinea pig
82.4%
California banana slug
82%
Goblin shark
75%
Naked mole-rat or sand puppy
73.4%
Leafy seadragon
69.6%
Dumbo octopus
68.8%
Dugong
63.3%
Goliath beetle
63.3%
Malayan tapir
62.8%
Madagascar hissing cockroach
62.8%
Vampire squid
52.7%
% Correct
White-necked raven
51.1%
Beisa, Gemsbok or East African oryx
49.3%
Wood stork
45.6%
Axolotl or Mexican salamander
45.6%
Blobfish
45.6%
Northern cassowary
41.1%
Shoebill
34.3%
Rosy-faced lovebird
29.8%
Fossa
24.1%
Sea angel or naked sea butterfly
23.6%
Peacock mantis shrimp
19.4%
Long-wattled umbrellabird
10.9%

You're not logged in!

Compare scores with friends on all Sporcle quizzes.
Sign Up with Email
OR
Log In

You Might Also Like...

Show Comments

Extras

Top Quizzes Today


Score Distribution

Your Account Isn't Verified!

In order to create a playlist on Sporcle, you need to verify the email address you used during registration. Go to your Sporcle Settings to finish the process.